|
|
|
|
| LEADER |
00000cam a2200000 7i4500 |
| 001 |
0000190071 |
| 005 |
20150625.0 |
| 020 |
|
|
|a 9789678604727
|
| 090 |
0 |
0 |
|a 258.1
|b MOH
|
| 100 |
0 |
|
|a Mohd Rafi Jalaluddin
|
| 245 |
1 |
0 |
|a Gagal Tapi Sukses!
|c Mohd Rafi Jalaluddin
|
| 260 |
|
|
|a Shah Alam :
|b Grup Buku Karangkraf Sdn.Bhd. ,
|c 2015
|
| 300 |
|
|
|a 179p. ;
|c 22cm.
|
| 650 |
0 |
0 |
|a Motivation (Psychology)
|
| 650 |
0 |
0 |
|a Success
|
| 999 |
|
|
|a 00307241
|b BUKU
|c PINJAMAN
|e PERPUSTAKAAN KOMUNITI CAW KOTA DAMANSARA
|
| 999 |
|
|
|a 00307242
|b BUKU
|c PINJAMAN
|e PERPUSTAKAAN KOMUNITI PETALING JAYA
|
| 999 |
|
|
|a 00307243
|b BUKU
|c PINJAMAN
|e PERPUSTAKAAN KOMUNITI CAW KOTA DAMANSARA
|
| 999 |
|
|
|a 00307244
|b BUKU
|c PINJAMAN
|e PERPUSTAKAAN KOMUNITI CAW TAMAN MEDAN
|